| 000 | 00346nam a2200145Ia 4500 | ||
|---|---|---|---|
| 005 | 20250508065832.0 | ||
| 008 | 240331s9999 xx 000 0 und d | ||
| 082 |
_bSUB _a891 |
||
| 100 | _aSubramaniam, S | ||
| 245 | 0 | _aKanal | |
| 260 |
_aBatticaloa _bSuriya women's Development Centre _c1997 |
||
| 300 | _a32 p ., | ||
| 650 | _apoems | ||
| 942 | _cL | ||
| 999 |
_c4366 _d4366 |
||